LDR 00674naa#a2200181#i#450# 001 EN\\bibl\118975 005 20260414214750.2 011 ## _a1999-9917 100 ## _a20260330b2026####ek#y0engy0150####ca 102 ## _aRU 200 1# _aRESPONSIBILITY FOR MONEY LAUNDERING AND TERRORIST FINANCING IN THE CONTEXT OF THE FORMATION OF THE FINANCIAL SECURITY SYSTEM OF THE STATE _eJournal article 210 1# _aRyazan _cAcademy of the FPS of Russia _d2026 215 ## _a11 с. 608 ## _aJournal article _2local 675 ## _aПреступления против имущества. 343.7 _z 700 #1 _aVasyukov _gVitaliy Fedorovich 700 #1 _aKolycheva _gAlla 856 4# _azhurnal-vektor.editorum.ru _u